| 000 | 00558nam a22001577a 4500 | ||
|---|---|---|---|
| 005 | 20120227122334.0 | ||
| 020 |
_a8170003741 _c800.00 |
||
| 035 | _aB-264219 | ||
| 037 |
_aDPL _bENG |
||
| 100 |
_aDhiman, Anil Kumar _943054 |
||
| 245 |
_aCataloguing of non book materials / _cby Anil Kumar Dhiman |
||
| 260 |
_aNew Delhi _bEss Ess Publications _c2004 |
||
| 300 |
_a377p. _c20 cms. |
||
| 942 |
_2ddc _cEN _h025.34 _mDHI |
||
| 999 |
_c63482 _d63482 |
||